000 00636nam a22001937a 4500
005 20251108170750.0
008 250721s2000 xx 000 0 ara d
082 1 4 _a615.89/فاع
100 1 _aالفاعوري، وائل إبراهيم
_eمؤلف
245 1 0 _aالقدرة الإلهية للنباتات والأعشاب الطبية /
264 1 _aعمان :
_bالحامد،
_c2000.
300 _a313ص.
650 1 7 _aالطب الشعبي
650 1 7 _aالنباتات الطبية
650 1 7 _aالأعشاب
700 1 _aالفاعوري، سامية إبراهيم
_eمؤلف
942 _2ddc
_cBK
999 _c48471
_d48471